Zakladateľská zmluva v.o.s. spoločenská zmluva o založení verejnej obchodnej spoločnosti Kováč a spol.

Vzor zakladateľskej zmluvy verejnej obchodnej spoločnosti. Návrh na zápis verejnej obchodnej spoločnosti do obchodného registra.

Enregistré dans:
Détails bibliographiques
Format: Chapitre de livre
Langue:slovaque
Sujets:
Tags: Ajouter un tag
Pas de tags, Soyez le premier à ajouter un tag!

MARC

LEADER 00000naa a2200000 4500
001 r041283
005 20230919092447.5
041 0 |a slo 
044 |a SK 
245 1 0 |a Zakladateľská zmluva v.o.s.  |b spoločenská zmluva o založení verejnej obchodnej spoločnosti Kováč a spol. 
520 |a Vzor zakladateľskej zmluvy verejnej obchodnej spoločnosti. Návrh na zápis verejnej obchodnej spoločnosti do obchodného registra. 
610 2 0 |a zmluvy spoločenské 
610 2 0 |a spoločnosti v.o.s. 
610 2 0 |a meno obchodné 
610 2 0 |a spoločníci 
610 2 0 |a vklady 
610 2 0 |a podiely na zisku